02534nab a2200409uuc4500001000800000005001700008007001000025008004100035035001200076040001300088041000800101100003600109245002500145505099200170650002501162650002701187650002601214650003601240650002901276650002401305650002401329650007001353650005001423700005101473700004801524700004201572700004201614700004801656700004201704700005501746700004501801700004701846700004201893700003601935700004601971773010702017135183120260217101204.0co|||||||131127e20121205 spa  a1351831 ccomduadb aspa10aArias Montoya, Leonel4auteaut10aIndustrial (dossier) aCONTENIDO: Vinculación universidad empresa como formador de capital humana para la competitividad de impacto social / Leonel Arias Montoya, Liliana Margarita Portilla de Arias, Sergio Augusto Fernández Henao (pp. 59-64). -- Selección de proveedor de WMS utilizando método AHP / Pedro Daniel Medina Varela, Eduardo Arturo Cruz Trejos, Rodrigo Andrés Gómez Montoya (pp. 65-72). -- Asignación de trabajos en máquinas en paralelo mediante un modelo de programación entera / Harol Mauricio Gamez Alban (pp. 73-77). -- Sistema de costeo ABC para empresas del sector eléctrico que actúen como operadores de red / Constanza Vanessa Marín Aristizábal, Gloria Stella Ramirez Reyes, Jose Alberto Muñoz Piedrahita (pp. 78-83). -- Diagnóstico de la comunicación de la ciencia, la tecnología y la innovación en la Universidad Tecnológica de Pereira desde PEIRCE / Carlos Andrés Botero Girón, Gloria Lucía López, Olga Lucía Hurtado Castaño (pp. 84-90). 7aCompetitividad2lemb 7aRecursos humanos2lemb aUniversidad y empresa aCEDI (Centro de Distribución) aAnálisis de decisiones aProgramacion entera aOperadores de redes aPeirce, Charles Sanders, 1839-1914 - Crítica e interpretación aComunicación - Crítica e interpretación10aPortilla de Arias, Liliana Margarita4auteaut10aFernández Henao, Sergio Augusto4auteaut10aMedina Varela, Pedro Daniel4auteaut10aCruz Trejos, Eduardo Arturo4auteaut10aGómez Montoya, Rodrigo Andrés4auteaut10aGamez Alban, Harol Mauricio4auteaut10aMarín Aristizábal, Constanza Vanessa4auteaut10aRamírez Reyes, Gloria Stella4auteaut10aMuñoz Piedrahita, Jose Alberto4auteaut10aBotero Giron, Carlos Andres4auteaut10aLópez, Gloria Lucia4auteaut10aHurtado Castaño, Olga Lucía4auteaut0 tScientia Et Technica (Pereira)gVol. 17, No. 52, Dic. 2012. CD-ROM, p. 59-90w205375x0122-1701084632